Statistics for ABBA Songs A - Z

Click here to take the quiz!

General Stats

  • This quiz has been taken 343 times
    (210 since last reset)
  • The average score is 14 of 23

Answer Stats

HintAnswer% Correct
DDance (While the Music Still Goes On)/ Dancing Queen/ Den Stora Kärleken/ Disillusion/ Don't Shut Me Down/ Does Your Mother Know/ Dream World/ Dum Dum Diddle
95%
MMamma Mia/ Man in the Middle/ Me and Bobby and Bobby's Brother/ Me and I/ Medley: Pick a Bale of Cotton,On Top of Old Smokey, Midnight Special/ Memory Lane/ Merry-go-round/ Money Money Money/ Monsieur, Monsieur/ Mountain Top/ Move On/ My Love, My Life/ My Mama Said
94%
WWatch Out/ Waterloo/ What About Livingstone/ When All is Said and Done/ When I Kissed the Teacher/ When the Waves Roll Out to Sea/ When You Danced With Me/ Why Did it Have to Be Me?
89%
TTango/ Take a Chance On Me/ Thank You For the Music/ That's Me/ The Day Before You Came/ The Devil in Miss Jones/ The King Has Lost His Crown/ The Name of the Game/ The Piper/ The Visitors/ The Way Old Friends Do/ The Winner Takes It All/ Tiger/ Tivedshambo/ To Live With You/ Tropical Loveland/ Two For the Price of One
88%
SSång till Görel/ Santa Rosa/ Scaramouche/ She's My Kind of Girl/ Should I Laugh or Cry/ Sitting in the Palmtree/ Slipping Through My Fingers/ So Long/ Soldiers/ SOS/ Summer Night City/ Super Trouper/ Suzy-Hang-Around
83%
FFanfare for Icehockey World Championships '81/ Fernando/ Free as a Bumble Bee/ From a Twinkling Star to a Passing Angel/ Funky Feet
78%
AAndante, Andante/ And The Wind Cries Mary/ Angeleyes/ Another Morning Without You/ Another Town, Another Train/ Arrival/ As Good as New
74%
HHamlet I, II and III/ Happy Hawaii/ Happy New Year/ Hasta Manana/ Head Over Heels/ He Is Your Brother/ Here Comes Rubie Jamie/ Hey Hey Helen/ High On Your Love/ Hole In Your Soul/ Honey Honey/ Hovas Vittne
74%
CCassandra/ Chiquitita/ Crazy World/ Crying Over You
70%
LLady Bird/ Lay All Your Love on Me/ Like an Angel Passing Through My Room/ Little Things/ Love For Me is Love Forever/ Love Isn't Easy (But it Sure is Hard Enough)/ Lovelight/ Lovers (Live a Little Longer)
70%
GGet On The Carousel/ Gimme! Gimme! Gimme! (A Man After Midnight)/ Givin' A Little More/ Gonna Sing You My Lovesong/ Gypsy Girl
69%
VVoulez-Vous
66%
II Am a Musician/ I Am an A/ I Am Just a Girl/ I Am the City/ I Believe in You/ I Can Be That Woman/ I Do, I Do, I Do, I Do, I Do/ I Have a Dream/ I Let the Music Speak/ I'm Still Alive/ In The Arms of Rosalita/ I Saw It in the Mirror/ I Still Have Faith In You/ I Want You/ I Wonder (Departure)/ If It Wasn't For the Nights/ I'm a Marionette/ Intermezzo No. 1/ I've Been Waiting For You
65%
KKeep an Eye on Dan/ King Kong Song/ Kisses of Fire/ Knowing Me, Knowing You
65%
OOde to Freedom/ Olle Olle/ On and On and On/ One Man, One Woman/ One of Us/ Our Last Summer
63%
EEagle/ Elaine/ Every Good Man
44%
RRadio 1 Jingle/ Ricky Rock 'N' Roller/ Ring Ring/ Rock Me/Rock 'n' Roll/ Rock 'n' Roll Band/ Rubberball Man
43%
UUnder Attack/ Under My Sun
36%
BBaby/ Bang-a-Boomerang/ Billy Boy/ Big John/ Been and Gone and Done It/ Bumblebee/ Burning My Bridges
35%
PPeople Need Love/ Put On Your White Sombrero
30%
NNämndöfjärden/ Nationalsång/ National Song/ Nina, Pretty Ballerina/ No Man's Land/ No Doubt About It
26%
JJoanne/ Just a Notion/ Just Like That
24%
YYou Owe Me One/ Yippee Yay
17%

Score Distribution

Percentile by Number Answered

Percent of People with Each Score

Your Score History

You have not taken this quiz since the last reset